000 00785nam a2200253 a 4500
001 BRCA_6594
005 20190320205522.0
008 021011s1966----u--a######---#000-0#eng-#
041 _aeng
044 _au
050 4 _aND170
_b.C65 3 1966
100 1 _aForster, Kurt Walter.
_916461
245 1 0 _aMannerist Painting
_bthe Sixteenth Century
_cby Kurt Forster.
260 _aE. U. A.
_bMcGraw-Hill
_cc1966
300 _a48 p.
_bil.
_c25 cm.
_e24 diapositivas.
440 0 _aColor Slide Program of the World´s Art
_v3
_916432
500 _aDonación Dra. Elsa Barberena
650 1 4 _aManierismo
_xArte
_zFrancia
_916462
650 1 4 _aPintura
_xRenacimiento
_916463
650 1 4 _aPintura
_xSiglo XVI
_916464
650 1 4 _aPintura
_xDiapositivas
_916465
902 _aDEB
942 _2lcc
_cB
999 _c6278
_d6278